000 00574cam a2200169 4500500
005 20260405003930.0
041 _afre
042 _adc
100 1 0 _aLegros, Martin
_eauthor
245 0 0 _aMeurtre de Nogent : un passage à l’acte révélateur de la “condition” adolescente
260 _c2025.
500 _a46
690 _aAdolescence
690 _aFait divers
786 0 _nPhilosophie magazine | 191 | 7 | 2025-07-01 | p. 16-17 | 1951-1787
856 4 1 _uhttps://shs.cairn.info/magazine-philosophie-magazine-2025-7-page-16?lang=fr&redirect-ssocas=7080
999 _c2072222
_d2072222